The mathematical theory of diffusion and reaction in permeable catalysts /

Guardado en:
Autor Principal: Aris, Rutherford.
Formato: Libro
Idioma:English
Publicado: Oxford : Clarendon Press, 1975.
Materias:
Etiquetas: Agregar Etiqueta
Sin Etiquetas, Sea el primero en etiquetar este registro!
LEADER 01059cam a22002775a 4500
001 EIQ.libpla000687
008 750804s1975####enka#####b####001#0#eng#d
005 20071218173302.0
245 1 4 |a The mathematical theory of diffusion and reaction in permeable catalysts /  |c by Rutherford Aris. 
260 |a Oxford :  |b Clarendon Press,  |c 1975. 
300 |a 2 v. :  |b il. ;  |c 24 cm. 
504 |a Bibliografía: v. 1, p. [387]-429; v. 2, p. [189]-209. 
500 |a Incluye índices. 
505 0 |a v. 1. The theory of the steady state. -- v. 2. Questions of uniqueness, stability, and transient behaviour. 
020 |a 0198519311 (v. 1) 
020 |a 0198519427 (v. 2) 
100 1 |a Aris, Rutherford. 
082 0 0 |a 541/.395 
650 4 |a Matemática  |x Teoría. 
650 4 |a Catálisis  |x Teoría. 
650 4 |a Catalysis  |x Theory. 
650 4 |a Mathematical  |x Theory. 
010 |a  75320455  
040 |a DLC  |c DLC  |d AR-BbSID 
859 |a AR-BbSID  |b BIB. PLAPIQUI  |h 541.395  |i Ar 44  |p 479  |v Vol. 1  |3 Vol. 1 
859 |a AR-BbSID  |b BIB. PLAPIQUI  |h 541.395  |i Ar 44  |p 480  |v Vol. 2  |3 Vol. 2